Exam Booster First Semester Basic B.Sc Nursing / (Record no. 1648)
[ view plain ]
| 000 -LEADER | |
|---|---|
| Fixed length control field | 00583nam a2200205Ia 4500 |
| 003 - CONTROL NUMBER IDENTIFIER | |
| Control field | IIN |
| 005 - DATE AND TIME OF LATEST TRANSACTION | |
| Control field | 20251124150203.0 |
| 008 - FIXED-LENGTH DATA ELEMENTS--GENERAL INFORMATION | |
| Fixed length control field | 231217s9999 xx 000 0 und d |
| 020 ## - INTERNATIONAL STANDARD BOOK NUMBER / ISBN | |
| International Standard Book Number | 9789393885531 (pbk) |
| 040 ## - CATALOGING SOURCE | |
| Original cataloging agency | IIN |
| Language of cataloging | English |
| 082 ## - DEWEY DECIMAL CLASSIFICATION NUMBER | |
| Classification number | 610.73 |
| Book Number | ANB |
| 100 1# - MAIN ENTRY--PERSONAL NAME | |
| Personal name | Anbu,T. |
| 245 1# - TITLE STATEMENT | |
| Title | Exam Booster First Semester Basic B.Sc Nursing / |
| Statement of responsibility | T. Anbu & G. Loganathan |
| 260 ## - IMPRINT | |
| Place of publication | Bangalore : |
| Name of publisher | EMMESS, |
| Date of publication | 2023 |
| 300 ## - PHYSICAL DESCRIPTION | |
| Page / Vol. No | vi, 593p. |
| 500 ## - GENERAL NOTE | |
| General note | According to INC new syllabus 2021-22 onwards |
| 650 1# - SUBJECT ADDED ENTRY--TOPICAL TERM | |
| Topical term | Question Solved |
| Form subdivision | Nursing |
| 700 ## - ADDED ENTRY--PERSONAL NAME | |
| Personal name | Loganathan, G. |
| 942 ## - ADDED ENTRY ELEMENTS (KOHA) | |
| Koha item type | Books |
| Withdrawn status | Lost status | Source of classification | Damaged status | Not for loan | Collection code | Home library | Current library | Date acquired | Total Checkouts | Call number | Accession number | Date last seen | Price effective from | Koha item type | Shelving location | Price |
|---|---|---|---|---|---|---|---|---|---|---|---|---|---|---|---|---|
| Dewey Decimal Classification | IDEAL INSTITUTE OF NURSING | IDEAL INSTITUTE OF NURSING | 17/12/2023 | 610.73/ANB | D22 | 17/12/2023 | 17/12/2023 | Reference Books | ||||||||
| Dewey Decimal Classification | Purches Book | IDEAL INSTITUTE OF NURSING | IDEAL INSTITUTE OF NURSING | 11/03/2025 | 610.73 ANB | 2037 | 20/05/2025 | 20/05/2025 | Reference Books | General Stacks | 750.00 |
